| 000 -LEADER |
| fixed length control field |
02089cam a22005054a 4500 |
| 001 - CONTROL NUMBER |
| control field |
14726565 |
| 005 - DATE AND TIME OF LATEST TRANSACTION |
| control field |
20200225164324.0 |
| 008 - FIXED-LENGTH DATA ELEMENTS--GENERAL INFORMATION |
| fixed length control field |
070205s2007 mau b 100 0 eng |
| 010 ## - LIBRARY OF CONGRESS CONTROL NUMBER |
| LC control number |
2007005109 |
| 020 ## - INTERNATIONAL STANDARD BOOK NUMBER |
| International Standard Book Number |
9781573316798 (pbk.) |
| 020 ## - INTERNATIONAL STANDARD BOOK NUMBER |
| International Standard Book Number |
1573316792 (pbk.) |
| 035 ## - SYSTEM CONTROL NUMBER |
| System control number |
(DNLM)101298797 |
| 040 ## - CATALOGING SOURCE |
| Original cataloging agency |
DNLM/DLC |
| Transcribing agency |
DLC |
| Modifying agency |
DLC |
| 041 ## - LANGUAGE CODE |
| Language code of text/sound track or separate title |
eng |
| 042 ## - AUTHENTICATION CODE |
| Authentication code |
pcc |
| 050 00 - LIBRARY OF CONGRESS CALL NUMBER |
| Classification number |
QP86 |
| Item number |
.E77 2007 |
| 060 00 - NATIONAL LIBRARY OF MEDICINE CALL NUMBER |
| Classification number |
W1 |
| Item number |
AN626YL v.1099 2007 |
| 060 10 - NATIONAL LIBRARY OF MEDICINE CALL NUMBER |
| Classification number |
WT 104 |
| Item number |
E89b 2007 |
| 080 ## - UNIVERSAL DECIMAL CLASSIFICATION NUMBER |
| Universal Decimal Classification number |
612.7 B-60 |
| 082 00 - DEWEY DECIMAL CLASSIFICATION NUMBER |
| Classification number |
612.6/7 |
| Edition number |
22 |
| 111 2# - MAIN ENTRY--MEETING NAME |
| Meeting name or jurisdiction name as entry element |
European Congress of Biogerontology |
| Number of part/section/meeting |
(5th : |
| Date of meeting |
2006 : |
| Location of meeting |
Istanbul, Turkey) |
| 9 (RLIN) |
7424 |
| 245 10 - TITLE STATEMENT |
| Title |
Biogerontology : |
| Remainder of title |
mechanisms and interventions / |
| Statement of responsibility, etc. |
edited by Suresh I.S. Rattan and Serif Akman. |
| 264 ## - PRODUCTION, PUBLICATION, DISTRIBUTION, MANUFACTURE, AND COPYRIGHT NOTICE |
| Place of production, publication, distribution, manufacture |
Boston, Mass. : |
| Name of producer, publisher, distributor, manufacturer |
Blackwell Pub. on behalf of the New York Academy of Sciences, |
| Date of production, publication, distribution, manufacture, or copyright notice |
2007. |
| 300 ## - PHYSICAL DESCRIPTION |
| Extent |
xiii, 565 p. ; |
| Dimensions |
23 cm. |
| 440 #0 - SERIES STATEMENT/ADDED ENTRY--TITLE |
| Title |
Annals of the New York Academy of Sciences, |
| International Standard Serial Number |
0077-8923 ; |
| Volume/sequential designation |
v. 1100 |
| 9 (RLIN) |
7425 |
| 504 ## - BIBLIOGRAPHY, ETC. NOTE |
| Bibliography, etc. note |
Includes bibliographical references. |
| 650 #0 - SUBJECT ADDED ENTRY--TOPICAL TERM |
| Topical term or geographic name entry element |
Aging |
| General subdivision |
Physiological aspects |
| Form subdivision |
Congresses. |
| 9 (RLIN) |
7426 |
| 650 #0 - SUBJECT ADDED ENTRY--TOPICAL TERM |
| Topical term or geographic name entry element |
Aging |
| General subdivision |
Molecular aspects |
| Form subdivision |
Congresses. |
| 9 (RLIN) |
7427 |
| 650 #0 - SUBJECT ADDED ENTRY--TOPICAL TERM |
| Topical term or geographic name entry element |
Aging |
| General subdivision |
Immunological aspects |
| Form subdivision |
Congresses. |
| 9 (RLIN) |
7428 |
| 650 12 - SUBJECT ADDED ENTRY--TOPICAL TERM |
| Topical term or geographic name entry element |
Aging |
| General subdivision |
physiology |
| Form subdivision |
Congresses. |
| 9 (RLIN) |
7429 |
| 650 22 - SUBJECT ADDED ENTRY--TOPICAL TERM |
| Topical term or geographic name entry element |
Aging |
| General subdivision |
immunology |
| Form subdivision |
Congresses. |
| 9 (RLIN) |
7430 |
| 650 22 - SUBJECT ADDED ENTRY--TOPICAL TERM |
| Topical term or geographic name entry element |
Cell Aging |
| General subdivision |
physiology |
| Form subdivision |
Congresses. |
| 9 (RLIN) |
7431 |
| 650 22 - SUBJECT ADDED ENTRY--TOPICAL TERM |
| Topical term or geographic name entry element |
Geriatrics |
| Form subdivision |
Congresses. |
| 9 (RLIN) |
7432 |
| 653 ## - INDEX TERM--UNCONTROLLED |
| keyword |
ბიოლოგია |
| 653 ## - INDEX TERM--UNCONTROLLED |
| keyword |
ბიოგერონტოლოგია |
| 653 ## - INDEX TERM--UNCONTROLLED |
| keyword |
მედიცინა |
| 700 1# - ADDED ENTRY--PERSONAL NAME |
| Personal name |
Rattan, Suresh I. S. |
| Relator term |
ავტორ |
| 9 (RLIN) |
7433 |
| 700 1# - ADDED ENTRY--PERSONAL NAME |
| Personal name |
Akman, Serif. |
| Relator term |
ავტორ |
| 9 (RLIN) |
7434 |
| 710 2# - ADDED ENTRY--CORPORATE NAME |
| Corporate name or jurisdiction name as entry element |
International Association of Gerontology. |
| 9 (RLIN) |
7435 |
| 856 41 - ELECTRONIC LOCATION AND ACCESS |
| Materials specified |
Table of contents only |
| Uniform Resource Identifier |
http://www.loc.gov/catdir/toc/ecip0710/2007005109.html |
| 856 42 - ELECTRONIC LOCATION AND ACCESS |
| Materials specified |
Publisher description |
| Uniform Resource Identifier |
http://www.loc.gov/catdir/enhancements/fy0803/2007005109-d.html |
| 906 ## - LOCAL DATA ELEMENT F, LDF (RLIN) |
| a |
7 |
| b |
cbc |
| c |
orignew |
| d |
1 |
| e |
ecip |
| f |
20 |
| g |
y-gencatlg |
| 942 ## - ADDED ENTRY ELEMENTS (KOHA) |
| Source of classification or shelving scheme |
|
| Koha item type |
წიგნი |